| 000 | 01014cam a22002537a 4500 | ||
|---|---|---|---|
| 001 | 12479382 | ||
| 005 | 20251122161154.0 | ||
| 008 | 010723s2001 nyua 001 0 eng d | ||
| 020 | _a0071361839 | ||
| 020 | _a9780071361835 | ||
| 050 | 0 | 0 |
_aTC157.5 _b.N98 2001 |
| 082 | 0 | 0 |
_a627/.076 _221 |
| 100 | 1 | _aNzewi, Emmanuel U. | |
| 245 | 1 | 4 |
_aThe McGraw-Hill civil engineering PE exam depth guide : _bwater resources / _cEmmanuel U. Nzewi. |
| 260 |
_aNew York : _bMcGraw-Hill, _cc2001. |
||
| 300 |
_a1 v. (various pagings) : _bill. ; _c24 cm. |
||
| 500 | _aIncludes index. | ||
| 650 | 0 |
_aHydraulic engineering _vExaminations, questions, etc. |
|
| 650 | 0 |
_aFluid mechanics _vExaminations, questions, etc. |
|
| 856 | 4 | 2 |
_3Contributor biographical information _uhttp://www.loc.gov/catdir/bios/mh041/2001270084.html |
| 856 | 4 | 2 |
_3Publisher description _uhttp://www.loc.gov/catdir/description/mh024/2001270084.html |
| 856 | 4 | 1 |
_3Table of contents _uhttp://www.loc.gov/catdir/toc/mh023/2001270084.html |
| 942 |
_2lcc _cBK _n0 |
||
| 999 |
_c8350 _d8350 |
||